[Event "Litomysl 2007"]
[Site "?"]
[Date "2007.12.30"]
[Round "6.36"]
[White "Fuchs, Georg"]
[Black "Konstacky, Matej"]
[Result "1-0"]
[WhiteElo "2181"]
[BlackElo "2043"]
[PlyCount "75"]
[EventDate "2007.12.26"]

1. e4 c5 2. Nf3 e6 3. b3 b6 4. Bb2 Bb7 5. Nc3 Nc6 6. Be2 d5 7. exd5 exd5 8. d4
Nf6 9. O-O Be7 10. dxc5 bxc5 11. Na4 O-O 12. Ba3 Qa5 13. c4 d4 14. Qe1 Rac8 15.
Qxa5 Nxa5 16. Nxd4 Ne4 17. Nf5 Bf6 18. Rad1 Rfd8 19. Bd3 g6 20. Bxe4 Bxe4 21.
Nd6 Bc2 22. Nxc8 Bxd1 23. Nxa7 Nxc4 24. Bxc5 Nd2 25. Rxd1 Nf3+ 26. gxf3 Rxd1+
27. Kg2 Rd2 28. Nb6 Rxa2 29. Nd5 Ba1 30. b4 f5 31. b5 Kf7 32. Nc7 Rc2 33. b6
Be5 34. Nc6 Bf4 35. Nd8+ Kg8 36. Nde6 Be5 37. f4 Bc3 38. Nb5 1-0

[Event "Litomysl 2007"]
[Site "?"]
[Date "2007.12.30"]
[Round "6.37"]
[White "Gruber, Michael"]
[Black "Klein, Raimund"]
[Result "0-1"]
[WhiteElo "2141"]
[BlackElo "2008"]
[PlyCount "50"]
[EventDate "2007.12.26"]

1. e4 c6 2. d4 d5 3. e5 Bf5 4. Nf3 e6 5. Be2 Nd7 6. O-O Ne7 7. a3 Bg4 8. h3
Bxf3 9. Bxf3 Ng6 10. Bh5 c5 11. c3 Be7 12. Be3 O-O 13. Nd2 Rc8 14. f4 cxd4 15.
cxd4 Qb6 16. b4 Rc3 17. Qe2 Rfc8 18. Qf2 Nh4 19. Bg4 h5 20. f5 hxg4 21. f6 Nxf6
22. Qxh4 Rxe3 23. exf6 Bxf6 24. Rxf6 Qxd4 25. Rf2 Qxa1+ 0-1

[Event "Litomysl 2007"]
[Site "?"]
[Date "2007.12.30"]
[Round "6.41"]
[White "Sipek, Michal"]
[Black "Sott, Pavel"]
[Result "1/2-1/2"]
[WhiteElo "1919"]
[BlackElo "2148"]
[PlyCount "152"]
[EventDate "2007.12.26"]

1. Nf3 c5 2. c4 Nc6 3. Nc3 g6 4. g3 Bg7 5. Bg2 d6 6. d3 e6 7. Bd2 Nge7 8. a3 a6
9. Rb1 Rb8 10. b4 cxb4 11. axb4 b5 12. O-O O-O 13. Ne4 bxc4 14. dxc4 d5 15.
cxd5 Nxd5 16. Qa4 Qb6 17. Nd6 Ncxb4 18. Nxc8 Rfxc8 19. e4 Nc3 20. Bxc3 Bxc3 21.
h4 Qb5 22. Qd1 a5 23. Ng5 h6 24. Nh3 a4 25. f4 a3 26. f5 exf5 27. exf5 a2 28.
fxg6 fxg6 29. Rxb4 Qxb4 30. Qd5+ Kh8 31. Qxa2 Rf8 32. Nf4 Qb6+ 33. Kh2 Be5 34.
Qd2 g5 35. Nd3 Rxf1 36. Bxf1 Qd4 37. hxg5 Qh4+ 38. Kg1 Qxg3+ 39. Qg2 Bd4+ 40.
Kh1 Qxg2+ 41. Kxg2 hxg5 42. Kf3 Kg7 43. Kg4 Kf6 44. Kf3 Rb1 45. Be2 Kf5 46. Nf2
Rb2 47. Bd3+ Ke6 48. Ne4 Bf6 49. Bc4+ Ke5 50. Nf2 Kd4 51. Be6 Bd8 52. Nh3 Ke5
53. Bc8 Rb3+ 54. Kg4 Rb4+ 55. Kg3 Bc7 56. Kg2 Rb2+ 57. Kf3 Rb3+ 58. Kg4 Kf6 59.
Nf2 Bf4 60. Kh5 Ke5 61. Ng4+ Ke4 62. Nf6+ Kf3 63. Bg4+ Kg2 64. Ne4 Rb4 65. Bf5
Rb6 66. Nxg5 Kg3 67. Ne4+ Kf3 68. Ng5+ Ke3 69. Kg4 Rb2 70. Ne6 Rg2+ 71. Kh3
Rg3+ 72. Kh4 Rg1 73. Bc2 Rc1 74. Bb3 Rc3 75. Bd5 Ra3 76. Kg4 Be5 1/2-1/2

[Event "Litomysl 2007"]
[Site "?"]
[Date "2007.12.30"]
[Round "6.45"]
[White "Vrchotka, Josef"]
[Black "Vanek, Marian"]
[Result "0-1"]
[WhiteElo "2071"]
[BlackElo "1930"]
[PlyCount "57"]
[EventDate "2007.12.26"]

1. e4 c5 2. Nc3 Nc6 3. g4 e6 4. d3 d5 5. Bg2 Nge7 6. Bg5 f6 7. Bh4 d4 8. Nb1 e5
9. Bg3 Be6 10. f4 exf4 11. Bxf4 Ng6 12. Bg3 Nge5 13. h3 c4 14. Ne2 Bb4+ 15. Kf2
g5 16. Rf1 h5 17. gxh5 Qd7 18. Ng1 O-O-O 19. Qe2 g4 20. h4 Rdf8 21. Bf4 g3+ 22.
Kxg3 Rfg8+ 23. Kh2 Ng4+ 24. Kh1 Rxh5 25. Nf3 Bd6 26. e5 Ncxe5 27. Nxd4 Rxh4+
28. Kg1 Bd5 29. Nc3 0-1

[Event "Litomysl 2007"]
[Site "?"]
[Date "2007.12.30"]
[Round "6.48"]
[White "Lamser, Tomas"]
[Black "Bartosova, Lucie"]
[Result "0-1"]
[WhiteElo "1991"]
[BlackElo "1758"]
[PlyCount "54"]
[EventDate "2007.12.26"]

1. e4 e5 2. Nf3 Nc6 3. Bc4 Bc5 4. c3 Nf6 5. d4 exd4 6. e5 d5 7. Bb5 Ng8 8. cxd4
Bb6 9. Nc3 Nge7 10. Bg5 Be6 11. Qa4 O-O 12. Bxc6 bxc6 13. Bxe7 Qxe7 14. Qxc6
Qb4 15. O-O Bxd4 16. Nxd5 Bxd5 17. Qxd5 Bxb2 18. Rab1 Rab8 19. e6 Qe7 20. Ng5
f6 21. Nf7 Rfe8 22. Rfe1 Rb6 23. f4 Rxe6 24. Ng5 fxg5 25. f5 Qd6 26. Qb3 Qb6+
27. Re3 Qxe3+ 0-1

[Event "Litomysl 2007"]
[Site "?"]
[Date "2007.12.30"]
[Round "7.1"]
[White "Swicarz, Maciej"]
[Black "Cernousek, Lukas"]
[Result "0-1"]
[WhiteElo "2265"]
[BlackElo "2405"]
[PlyCount "106"]
[EventDate "2007.12.26"]

1. e4 c5 2. Nc3 g6 3. f4 Bg7 4. Nf3 Nc6 5. Bb5 Nd4 6. Bc4 a6 7. Nxd4 cxd4 8.
Ne2 e6 9. d3 Ne7 10. O-O f5 11. Bb3 O-O 12. Bd2 b5 13. Bb4 a5 14. Bxe7 Qxe7 15.
a4 b4 16. Ng3 Bb7 17. Qe2 Rae8 18. Rae1 Qc5 19. Kh1 Re7 20. Rf2 Ref7 21. Ref1
Qc7 22. Qd2 Bh6 23. exf5 gxf5 24. Nh5 Kh8 25. Qe2 Rg8 26. Re1 Rg4 27. h3 Rh4
28. Kh2 Bxf4+ 29. Nxf4 Rxf4 30. Rxf4 Qxf4+ 31. g3 Qg5 32. Qe5+ Rg7 33. Qb8+ Rg8
34. Qe5+ Qg7 35. Qxg7+ Kxg7 36. Rf1 Rf8 37. Rf2 e5 38. Kg1 Rf6 39. Re2 d6 40.
Rf2 Kg6 41. Re2 Kg5 42. Bg8 h5 43. Kf2 h4 44. Re1 Rg6 45. Rg1 hxg3+ 46. Rxg3+
Kf6 47. Rxg6+ Kxg6 48. Kg3 f4+ 49. Kg4 Bc8+ 50. Kh4 Kf6 51. Bd5 Be6 52. Bf3 b3
53. Bd1 Bf5 0-1

[Event "Litomysl 2007"]
[Site "?"]
[Date "2007.12.30"]
[Round "7.2"]
[White "Krejci, Jan"]
[Black "Kanovsky, David"]
[Result "1/2-1/2"]
[WhiteElo "2397"]
[BlackElo "2396"]
[PlyCount "30"]
[EventDate "2007.12.26"]

1. e4 c5 2. Nf3 e6 3. c4 a6 4. Nc3 Qc7 5. Be2 Nf6 6. O-O d6 7. d4 cxd4 8. Nxd4
Be7 9. Be3 b6 10. Qd2 Bb7 11. f3 O-O 12. Rfd1 Nbd7 13. Bf1 Rac8 14. Qf2 Qb8 15.
Rac1 Rfe8 1/2-1/2

[Event "Litomysl 2007"]
[Site "?"]
[Date "2007.12.30"]
[Round "7.5"]
[White "Neumeier, Klaus"]
[Black "Petr, Martin"]
[Result "0-1"]
[WhiteElo "2273"]
[BlackElo "2440"]
[PlyCount "86"]
[EventDate "2007.12.26"]

1. e4 e6 2. d4 d5 3. Nd2 Nf6 4. e5 Nfd7 5. Bd3 c5 6. c3 Nc6 7. Ne2 cxd4 8. cxd4
f6 9. exf6 Nxf6 10. Nf3 Bd6 11. O-O Qc7 12. Bg5 O-O 13. Qc2 h6 14. Bh4 Nh5 15.
Bh7+ Kh8 16. Bg6 Rxf3 17. Bxh5 Bxh2+ 18. Kh1 Rf5 19. Bg6 Bd6 20. Bxf5 exf5 21.
f4 Qf7 22. Rf3 Bd7 23. Rd1 Nb4 24. Qd2 Nxa2 25. Rh3 Re8 26. Ng1 Nb4 27. Nf3 Re4
28. Ne5 Bxe5 29. fxe5 Nc6 30. Bf2 f4 31. Rh2 Bg4 32. Re1 Qf5 33. Kg1 a5 34. Qc3
Kh7 35. Qd2 Nb4 36. Rf1 Re2 37. Qc3 Qe4 38. Rh4 h5 39. Qc7 Nd3 40. Qf7 Qg6 41.
Qxd5 f3 42. g3 Nxf2 43. Rxf2 Qb1+ 0-1

[Event "Litomysl 2007"]
[Site "?"]
[Date "2007.12.30"]
[Round "7.6"]
[White "Spirin, Oleg"]
[Black "Cerveny, Petr"]
[Result "1/2-1/2"]
[WhiteElo "2404"]
[BlackElo "2395"]
[PlyCount "182"]
[EventDate "2007.12.26"]

1. d4 Nf6 2. c4 g6 3. g3 Bg7 4. Bg2 d6 5. Nc3 O-O 6. Nf3 c6 7. O-O Bf5 8. Nh4
Be6 9. d5 cxd5 10. cxd5 Bd7 11. Nf3 Na6 12. h3 Qb6 13. e4 Rfd8 14. Qe2 Nc5 15.
Be3 Qa6 16. Qxa6 Nxa6 17. Rad1 Be8 18. Rfe1 Nd7 19. Bd4 Ne5 20. Nxe5 Bxe5 21.
f4 Bxd4+ 22. Rxd4 Rac8 23. e5 Nc7 24. Bf1 a6 25. g4 Nb5 26. Bxb5 Bxb5 27. exd6
exd6 28. a4 Rc4 29. Rxc4 Bxc4 30. Re7 b5 31. axb5 axb5 32. Rb7 Kf8 33. Kf2 Ra8
34. Rb6 Ra1 35. b3 Ra3 36. bxc4 Rxc3 37. cxb5 Rc5 38. Rxd6 Rxb5 39. Rd8+ Ke7
40. Rh8 Rxd5 41. Rxh7 Kf8 42. Rh8+ Kg7 43. Re8 Rd4 44. Kf3 Ra4 45. Re3 Rb4 46.
Kg3 Ra4 47. Rc3 Rb4 48. Rd3 Ra4 49. Rf3 Rb4 50. h4 Rb1 51. f5 Rg1+ 52. Kf4 Rh1
53. fxg6 fxg6 54. Kg5 Ra1 55. Re3 Ra5+ 56. Kf4 Ra7 57. Re4 Rb7 58. Ra4 Re7 59.
Re4 Ra7 60. Rd4 Rb7 61. Ke5 Ra7 62. g5 Kf7 63. Rd5 Re7+ 64. Kf4 Ra7 65. Rd4 Rb7
66. Ke5 Ra7 67. Rf4+ Kg7 68. Rc4 Kf7 69. Kd6 Ra6+ 70. Kd5 Ra5+ 71. Ke4 Ra7 72.
Rb4 Re7+ 73. Kd5 Ra7 74. Re4 Kg7 75. Rb4 Kf7 76. Rb6 Ra5+ 77. Kd6 Ra4 78. Rb7+
Kg8 79. Ke6 Rxh4 80. Kf6 Ra4 81. Rb8+ Kh7 82. Rb7+ Kg8 83. Rb6 Kh7 84. Rb7+ Kg8
85. Rg7+ Kh8 86. Rxg6 Ra6+ 87. Kf5 Ra5+ 88. Kg4 Kh7 89. Rb6 Kg7 90. Kh5 Ra7 91.
Rb5 Rc7 1/2-1/2

[Event "Litomysl 2007"]
[Site "?"]
[Date "2007.12.30"]
[Round "7.7"]
[White "Jasik, Krzysztof"]
[Black "Cerveny, Martin"]
[Result "1/2-1/2"]
[WhiteElo "2310"]
[BlackElo "2291"]
[PlyCount "47"]
[EventDate "2007.12.26"]

1. e4 c5 2. Nc3 Nc6 3. f4 g6 4. Nf3 Bg7 5. Bc4 e6 6. d3 d6 7. O-O Nge7 8. Qe1
Nd4 9. Nxd4 cxd4 10. Ne2 O-O 11. Qf2 d5 12. Bb3 a5 13. a4 dxe4 14. dxe4 Nc6 15.
Rd1 Qb6 16. e5 f6 17. exf6 Bxf6 18. Nc3 Kh8 19. Ne4 Be7 20. Kh1 e5 21. Nc3 Bc5
22. Ne4 Be7 23. Nc3 Bc5 24. Ne4 1/2-1/2

[Event "Litomysl 2007"]
[Site "?"]
[Date "2007.12.30"]
[Round "7.9"]
[White "Jedlicka, Ales"]
[Black "Simacek, Pavel"]
[Result "1/2-1/2"]
[WhiteElo "2304"]
[BlackElo "2472"]
[PlyCount "85"]
[EventDate "2007.12.26"]

1. d4 Nf6 2. c4 c5 3. d5 e6 4. Nc3 exd5 5. cxd5 d6 6. Nf3 g6 7. e4 a6 8. h3 Bg7
9. a4 O-O 10. Bd3 Re8 11. O-O c4 12. Bc2 Nbd7 13. Be3 Qc7 14. Bd4 Rb8 15. Re1
b5 16. axb5 axb5 17. Ra7 Qd8 18. e5 dxe5 19. Nxe5 Nxe5 20. Rxe5 Rb7 21. Rxb7
Bxb7 22. Rxe8+ Qxe8 23. Qf3 Qd8 24. Nxb5 Qxd5 25. Qxd5 Bxd5 26. Nc3 Bc6 27. b3
cxb3 28. Bxb3 h5 29. h4 Ng4 30. Bxg7 Kxg7 31. Bd5 Bxd5 32. Nxd5 f6 33. f3 Nh6
34. g3 g5 35. Kg2 Kf7 36. hxg5 fxg5 37. g4 Ke6 38. Nc3 hxg4 39. fxg4 Ke5 40.
Kf3 Kd4 41. Ne4 Nxg4 42. Kxg4 Kxe4 43. Kxg5 1/2-1/2

[Event "Litomysl 2007"]
[Site "?"]
[Date "2007.12.30"]
[Round "7.10"]
[White "Hoffmann, Paul"]
[Black "Klima, Lukas"]
[Result "1/2-1/2"]
[WhiteElo "2302"]
[BlackElo "2422"]
[PlyCount "90"]
[EventDate "2007.12.26"]

1. e4 c5 2. Nf3 Nc6 3. d4 cxd4 4. Nxd4 Qb6 5. Nb3 Nf6 6. Nc3 e6 7. Be3 Qc7 8.
Bd3 Be7 9. Nb5 Qb8 10. O-O a6 11. N5d4 Qc7 12. Nxc6 bxc6 13. c4 c5 14. Re1 Bb7
15. Bd2 Bd6 16. h3 a5 17. Nxa5 Rxa5 18. Bxa5 Qxa5 19. e5 Be7 20. exf6 Bxf6 21.
Be4 Bxe4 22. Rxe4 Ke7 23. Re2 Rb8 24. Rb1 Qxa2 25. b4 Qxc4 26. Rc2 Qe4 27. bxc5
Rxb1 28. Qxb1 Bd4 29. Qd1 e5 30. Qd2 g6 31. Rc1 h5 32. Kh1 Kf6 33. Qc2 Qxc2 34.
Rxc2 Kf5 35. Kg1 g5 36. Kf1 h4 37. c6 dxc6 38. Rxc6 e4 39. Ke2 Ke5 40. Ra6 f5
41. Ra5+ Kf4 42. g3+ hxg3 43. fxg3+ Kxg3 44. Rxf5 g4 45. hxg4 Kxg4 1/2-1/2

[Event "Litomysl 2007"]
[Site "?"]
[Date "2007.12.30"]
[Round "7.12"]
[White "Degtiarev, Evgeny"]
[Black "Novotny, Michal"]
[Result "0-1"]
[WhiteElo "2371"]
[BlackElo "2278"]
[PlyCount "98"]
[EventDate "2007.12.26"]

1. d4 Nf6 2. c4 g6 3. Nc3 d5 4. cxd5 Nxd5 5. e4 Nxc3 6. bxc3 Bg7 7. Bc4 c5 8.
Ne2 O-O 9. O-O Nc6 10. Be3 Bd7 11. Rb1 Qc7 12. Bf4 Qc8 13. d5 Na5 14. Bd3 e5
15. Bg5 f6 16. Bh4 c4 17. Bc2 b5 18. a4 a6 19. axb5 axb5 20. Ra1 Qc5 21. Kh1
Nb7 22. Qd2 Ra3 23. Rac1 Ra2 24. f4 Qd6 25. fxe5 fxe5 26. Ra1 Rxf1+ 27. Rxf1
Nc5 28. Qd1 h6 29. h3 Kh7 30. Ng1 Be8 31. Qb1 Ra3 32. Qb4 Ra2 33. Qb1 Ra3 34.
Qe1 Na4 35. Rf3 g5 36. Bf2 Bh5 37. g4 Bg6 38. Re3 Nc5 39. Ne2 Qf8 40. Kg1 b4
41. Ng3 b3 42. Bb1 Ra1 43. Nf5 Nd3 44. Qd1 Qa3 45. Nxg7 Qb2 46. Rxd3 cxd3 47.
d6 Rxb1 48. d7 Rxd1+ 49. Kg2 Bxe4+ 0-1

[Event "Litomysl 2007"]
[Site "?"]
[Date "2007.12.30"]
[Round "7.13"]
[White "Bombek, Peter"]
[Black "Sabol, Marian"]
[Result "1/2-1/2"]
[WhiteElo "2209"]
[BlackElo "2333"]
[PlyCount "53"]
[EventDate "2007.12.26"]

1. e4 e5 2. Nf3 Nc6 3. Nc3 g6 4. d4 exd4 5. Nxd4 Bg7 6. Be3 Nge7 7. Be2 O-O 8.
O-O f5 9. exf5 Nxf5 10. Nxf5 Rxf5 11. Bd3 Rf8 12. Be4 d6 13. Qd2 Bf5 14. Bh6
Qd7 15. Rae1 Rae8 16. Bxg7 Kxg7 17. Re2 Bxe4 18. Rxe4 Rxe4 19. Nxe4 Qf5 20. Re1
Re8 21. Qc3+ Re5 22. Nd2 Kf7 23. Re3 Ke7 24. Nc4 Rxe3 25. Nxe3 Qf7 26. a3 Kd7
27. h3 1/2-1/2

[Event "Litomysl 2007"]
[Site "?"]
[Date "2007.12.30"]
[Round "7.14"]
[White "Mudrak, Josef"]
[Black "Molnar, Peter"]
[Result "1-0"]
[WhiteElo "2324"]
[BlackElo "2257"]
[PlyCount "113"]
[EventDate "2007.12.26"]

1. d4 Nf6 2. Nf3 e6 3. g3 b5 4. Bg2 Bb7 5. O-O c5 6. a4 b4 7. c4 Na6 8. Be3 Be7
9. h3 O-O 10. Nbd2 Qc7 11. Rc1 Rfd8 12. Qc2 Rac8 13. Rfd1 Qb8 14. b3 Qa8 15.
Ne1 d5 16. Qb2 dxc4 17. bxc4 Bxg2 18. Nxg2 Rd7 19. dxc5 Rcd8 20. Rf1 Nxc5 21.
Bxc5 Rxd2 22. Qxb4 Bxc5 23. Qxc5 Rxe2 24. Nf4 Ne4 25. Qh5 Red2 26. Qf3 Nc5 27.
Qe3 Qc6 28. a5 R2d7 29. h4 h6 30. Rfe1 Qd6 31. Red1 Qxd1+ 32. Rxd1 Rxd1+ 33.
Kg2 Rc8 34. Nh5 Rd7 35. Qe2 f6 36. Qg4 Kh7 37. Nf4 Re7 38. Qg6+ Kh8 39. g4 Nd7
40. Qd3 Ne5 41. Qd6 Rce8 42. g5 hxg5 43. hxg5 fxg5 44. Ne2 Nf7 45. Qc6 Ne5 46.
Qe4 Nf7 47. Nd4 Nd6 48. Qg4 Nf5 49. Nc6 Nh6 50. Qh5 Rf7 51. Ne5 Rfe7 52. Ng6+
Kh7 53. Nxe7 Rxe7 54. Qxg5 Nf5 55. Qf4 g5 56. Qe5 Nh4+ 57. Kf1 1-0

[Event "Litomysl 2007"]
[Site "?"]
[Date "2007.12.30"]
[Round "7.15"]
[White "Jirasek, Pavel"]
[Black "Schuetze, Norman"]
[Result "1-0"]
[WhiteElo "2271"]
[BlackElo "2324"]
[PlyCount "59"]
[EventDate "2007.12.26"]

1. e4 c5 2. Nf3 e6 3. c3 Nf6 4. e5 Nd5 5. d4 cxd4 6. cxd4 d6 7. Nc3 Nxc3 8.
bxc3 Qc7 9. Bd2 Nc6 10. exd6 Bxd6 11. Bd3 b6 12. O-O Bb7 13. Re1 O-O-O 14. Qe2
h6 15. Ba6 g5 16. Bxb7+ Qxb7 17. a4 g4 18. Ne5 Bxe5 19. dxe5 Rd5 20. Bf4 h5 21.
c4 Rc5 22. Be3 Rxe5 23. c5 f5 24. Qc4 Re4 25. Qc3 Rd8 26. cxb6 a5 27. Rec1 Rd6
28. Qc5 Kd7 29. Rd1 Qb8 30. Rac1 1-0

[Event "Litomysl 2007"]
[Site "?"]
[Date "2007.12.30"]
[Round "7.16"]
[White "Andre, Gordon"]
[Black "Skliba, Martin"]
[Result "0-1"]
[WhiteElo "2315"]
[BlackElo "2255"]
[PlyCount "108"]
[EventDate "2007.12.26"]

1. d4 Nf6 2. c4 g6 3. Nc3 d5 4. cxd5 Nxd5 5. e4 Nxc3 6. bxc3 Bg7 7. Bc4 c5 8.
Ne2 Nc6 9. Be3 O-O 10. O-O Bd7 11. Rb1 Qc7 12. Bf4 Qc8 13. e5 Bf5 14. Rc1 Na5
15. Bd5 Rd8 16. Bf3 Bg4 17. Qd3 Bxf3 18. Qxf3 Qc6 19. Qh3 Rac8 20. Bg5 Rc7 21.
Qh4 f6 22. Bh6 Nc4 23. Rcd1 Bxh6 24. Qxh6 fxe5 25. dxe5 Rxd1 26. Rxd1 Rd7 27.
Rf1 Qe4 28. Qh3 Rd2 29. Qe6+ Kf8 30. Ng3 Qd5 31. Qxd5 Rxd5 32. f4 Nd2 33. Re1
b5 34. Kf2 b4 35. cxb4 cxb4 36. Ke2 Nc4 37. Rc1 Rd4 38. Kf3 a5 39. Ne4 Nd2+ 40.
Nxd2 Rxd2 41. Ra1 Kf7 42. h4 h5 43. g4 hxg4+ 44. Kxg4 Ke6 45. a3 b3 46. a4 b2
47. Rb1 Kd5 48. Kg5 Rg2+ 49. Kh6 Kc4 50. Kg7 Kb3 51. Kf7 Rf2 52. Kxg6 Rxf4 53.
h5 Rxa4 54. h6 Rh4 0-1

[Event "Litomysl 2007"]
[Site "?"]
[Date "2007.12.30"]
[Round "7.18"]
[White "Jurkiewicz, Krzysztof"]
[Black "Cagara, Paulina"]
[Result "1/2-1/2"]
[WhiteElo "2218"]
[BlackElo "2076"]
[PlyCount "108"]
[EventDate "2007.12.26"]

1. d4 f5 2. e4 fxe4 3. Nc3 Nf6 4. Bg5 g6 5. f3 exf3 6. Nxf3 d5 7. Bd3 Bg7 8.
Qe2 Nc6 9. O-O-O Nb4 10. Rhe1 Nxd3+ 11. Qxd3 O-O 12. Re2 c6 13. Qe3 Bg4 14.
Qxe7 Qxe7 15. Rxe7 Bxf3 16. gxf3 Rf7 17. Rde1 Raf8 18. Kd2 h6 19. Bh4 g5 20.
Rxf7 Rxf7 21. Bg3 Nh5 22. Re8+ Rf8 23. Rxf8+ Kxf8 24. Bd6+ Ke8 25. Ke3 Kd7 26.
Bb8 c5 27. Ne2 a6 28. b3 b6 29. Kd3 Bf6 30. c3 Ng7 31. f4 Nf5 32. Be5 Be7 33.
fxg5 Bxg5 34. c4 dxc4+ 35. bxc4 cxd4 36. Nxd4 Nxd4 37. Bxd4 Kc6 38. a4 Bd8 39.
Ke4 b5 40. cxb5+ axb5 41. axb5+ Kxb5 42. Be3 h5 43. Kf5 Kc6 44. h3 Kd7 45. Bg5
h4 46. Kg4 Bxg5 47. Kxg5 Ke7 48. Kxh4 Kf7 49. Kh5 Kg7 50. Kg5 Kh7 51. h4 Kg7
52. h5 Kh7 53. h6 Kg8 54. Kg6 Kh8 1/2-1/2

[Event "Litomysl 2007"]
[Site "?"]
[Date "2007.12.30"]
[Round "7.19"]
[White "Folkova, Martina"]
[Black "Zakharchenko, Arnold"]
[Result "1/2-1/2"]
[WhiteElo "2181"]
[BlackElo "2307"]
[PlyCount "83"]
[EventDate "2007.12.26"]

1. e4 c5 2. Nf3 Nc6 3. d4 cxd4 4. Nxd4 g6 5. Nc3 Bg7 6. Be3 Nf6 7. Bc4 O-O 8.
O-O d6 9. h3 Bd7 10. Bb3 Qa5 11. f4 Rad8 12. Qd3 Rfe8 13. Rad1 Nb4 14. Qe2 Nc6
15. Qf2 Qh5 16. Nf3 Rf8 17. Ng5 h6 18. Nf3 b5 19. a3 a5 20. Nd2 b4 21. Nd5 a4
22. Bc4 Nxd5 23. exd5 Na5 24. axb4 Nxc4 25. Nxc4 Bb5 26. b3 Rc8 27. Kh2 Qf5 28.
g4 Qe4 29. Rfe1 Rxc4 30. bxc4 Qxc4 31. Bd4 Qxb4 32. Bxg7 Kxg7 33. Rxe7 Rc8 34.
f5 g5 35. f6+ Kg8 36. Rb7 a3 37. Qf5 Ra8 38. Rxf7 Kxf7 39. Qe6+ Kg6 40. Qf5+
Kf7 41. Qe6+ Kg6 42. Qf5+ 1/2-1/2

[Event "Litomysl 2007"]
[Site "?"]
[Date "2007.12.30"]
[Round "7.21"]
[White "Ganaus, Hannes"]
[Black "Folk, Petr"]
[Result "1/2-1/2"]
[WhiteElo "2294"]
[BlackElo "2193"]
[PlyCount "48"]
[EventDate "2007.12.26"]

1. d4 Nf6 2. Nf3 g6 3. Bg5 Bg7 4. Nbd2 d5 5. e3 c5 6. c3 Qb6 7. Qb3 Nc6 8. Be2
O-O 9. O-O Re8 10. Bxf6 Bxf6 11. Qxd5 cxd4 12. Nc4 Qc7 13. cxd4 Be6 14. Qb5
Rad8 15. Ncd2 Rd5 16. Qd3 Red8 17. Rfc1 Qb8 18. a3 Nxd4 19. exd4 Bxd4 20. Qc2
Be5 21. Nb1 Bf5 22. Qb3 Be6 23. Qc2 Bf5 24. Qb3 Be6 1/2-1/2

[Event "Litomysl 2007"]
[Site "?"]
[Date "2007.12.30"]
[Round "7.26"]
[White "Hagenbach, Udo"]
[Black "Engelmann, Jakob"]
[Result "0-1"]
[WhiteElo "2203"]
[BlackElo "2114"]
[PlyCount "100"]
[EventDate "2007.12.26"]

1. c4 c6 2. Nf3 d5 3. b3 dxc4 4. bxc4 e5 5. Nc3 Bd6 6. g3 Nf6 7. Bg2 O-O 8. d3
Bf5 9. O-O Nbd7 10. Rb1 Qc7 11. Be3 Bc5 12. Bd2 Rfe8 13. Qb3 Rab8 14. Na4 Bf8
15. Be3 b6 16. h3 h6 17. Nc3 Nc5 18. Bxc5 Bxc5 19. Nd2 Qd7 20. Kh2 Nh7 21. Nce4
Be7 22. c5 b5 23. Qb4 Be6 24. Nf3 f6 25. a4 a5 26. Qxa5 Ra8 27. Qc3 Rxa4 28.
Rb4 Rxb4 29. Qxb4 Ra8 30. Nc3 Bd8 31. d4 Ba5 32. Qa3 b4 33. Qa4 bxc3 34. Nxe5
fxe5 35. Bxc6 Qa7 36. Bxa8 Qxa8 37. Ra1 c2 38. Qxc2 Qd8 39. Qe4 Bd5 40. Qxe5
Bc7 41. Qf5 Nf6 42. f3 Qb8 43. Rb1 Qa8 44. Qc2 Qa3 45. Rd1 Qe3 46. Kg2 Ne4 47.
Rf1 Nxg3 48. Rf2 Qg5 49. h4 Qxh4 50. e4 Qh1# 0-1

[Event "Litomysl 2007"]
[Site "?"]
[Date "2007.12.30"]
[Round "7.28"]
[White "Vales, Vaclav"]
[Black "Kapusta, Petr"]
[Result "0-1"]
[WhiteElo "2163"]
[BlackElo "2080"]
[PlyCount "68"]
[EventDate "2007.12.26"]

1. d4 Nf6 2. Nf3 g6 3. c4 Bg7 4. Nc3 O-O 5. e4 d6 6. Be2 e5 7. O-O Nc6 8. d5
Ne7 9. Nd2 a5 10. Rb1 Nd7 11. a3 f5 12. b4 Kh8 13. Qc2 Ng8 14. Bb2 Ngf6 15.
exf5 gxf5 16. Qxf5 axb4 17. axb4 Nxd5 18. Qxf8+ Nxf8 19. cxd5 Ng6 20. Ra1 Rxa1
21. Rxa1 Bh6 22. Nde4 Bd7 23. g3 Bh3 24. b5 b6 25. Bf1 Bxf1 26. Kxf1 Qf8 27.
Kg2 Qf5 28. Bc1 Bxc1 29. Rxc1 Qg4 30. Kf1 Ne7 31. Ra1 Nxd5 32. Ra8+ Kg7 33. Ra7
Qf3 34. Nxd5 Qd3+ 0-1

[Event "Litomysl 2007"]
[Site "?"]
[Date "2007.12.30"]
[Round "7.30"]
[White "Trojan, Lubos"]
[Black "Blazkova, Petra"]
[Result "1-0"]
[WhiteElo "2050"]
[BlackElo "2239"]
[PlyCount "120"]
[EventDate "2007.12.26"]

1. d4 e6 2. Nf3 c5 3. e3 Nf6 4. Nbd2 cxd4 5. exd4 Nc6 6. c3 Be7 7. Bd3 O-O 8.
O-O b6 9. Re1 Bb7 10. Nc4 d6 11. Bg5 Nd5 12. Bxe7 Qxe7 13. Qd2 h6 14. Ne3 Nxe3
15. Rxe3 Qf6 16. Rae1 Ne7 17. Be4 Nd5 18. Bxd5 Bxd5 19. a3 Rac8 20. Qd3 Rfd8
21. Nd2 e5 22. dxe5 dxe5 23. Qe2 Qc6 24. Rg3 Re8 25. Qg4 Qf6 26. Ne4 Bxe4 27.
Qxe4 Qe6 28. Rge3 Qd7 29. Qd3 Qc7 30. Qb5 Rcd8 31. f4 e4 32. Rxe4 Rxe4 33. Rxe4
Rd1+ 34. Kf2 Rd2+ 35. Kf3 Qb7 36. g3 a6 37. Qe8+ Kh7 38. Ke3 Rd7 39. Qe5 b5 40.
Qc5 Rd1 41. Rd4 Re1+ 42. Kd2 Re6 43. Kc2 Qg2+ 44. Kb3 Qb7 45. f5 Re8 46. h4 Rc8
47. Qd5 Qe7 48. Re4 Qf6 49. Qe5 Qc6 50. f6 Qxf6 51. Qxf6 gxf6 52. Kb4 f5 53.
Rd4 Rg8 54. Rd6 Rxg3 55. Rxa6 Rg6 56. Ra8 f4 57. Rd8 f3 58. Rd1 Rf6 59. Kxb5 f2
60. Rf1 Kg6 1-0

[Event "Litomysl 2007"]
[Site "?"]
[Date "2007.12.30"]
[Round "7.36"]
[White "Kotva, Milan"]
[Black "Pekar, Vaclav"]
[Result "0-1"]
[WhiteElo "2104"]
[BlackElo "1947"]
[PlyCount "80"]
[EventDate "2007.12.26"]

1. e4 c5 2. Nf3 e6 3. d4 cxd4 4. Nxd4 a6 5. Be2 Nf6 6. e5 Qa5+ 7. Nc3 Qxe5 8.
O-O Nc6 9. Nf3 Qc7 10. Bg5 Be7 11. Qd2 d5 12. Rfe1 O-O 13. Bd3 b5 14. Ne2 e5
15. c4 bxc4 16. Bc2 d4 17. Ba4 Bb4 18. Qc1 Bxe1 19. Bxf6 gxf6 20. Qh6 Ne7 21.
Ng3 Nf5 22. Nxf5 Bxf5 23. Qxf6 Bg6 24. Rxe1 e4 25. Ne5 Qa5 26. Rf1 Qxa4 27. Ng4
h5 28. Nh6+ Kh7 29. Nf5 Rg8 30. Qg5 Bxf5 31. Qxf5+ Kg7 32. Qe5+ Kf8 33. Qd6+
Ke8 34. Re1 Qd7 35. Rxe4+ Kd8 36. Qc5 Re8 37. Qb6+ Kc8 38. Qc5+ Kb7 39. Qb4+
Qb5 40. Re7+ Kc6 0-1

[Event "Litomysl 2007"]
[Site "?"]
[Date "2007.12.30"]
[Round "7.37"]
[White "Lushnikov, Evgeny"]
[Black "Krejci, Jan"]
[Result "1-0"]
[WhiteElo "1822"]
[BlackElo "2095"]
[PlyCount "133"]
[EventDate "2007.12.26"]

1. e4 e5 2. Nf3 Nf6 3. Nc3 Nc6 4. d4 exd4 5. Nxd4 Bb4 6. Nxc6 bxc6 7. Bd3 d5 8.
exd5 Qe7+ 9. Qe2 Qxe2+ 10. Kxe2 Nxd5 11. Nxd5 cxd5 12. Bb5+ Bd7 13. Bxd7+ Kxd7
14. Be3 Bd6 15. Rad1 c6 16. Rd3 Rhe8 17. Rhd1 f5 18. Kf1 f4 19. Bd4 g6 20. c4
c5 21. Bc3 d4 22. Bxd4 Kc6 23. Bc3 Re6 24. Re1 Rxe1+ 25. Bxe1 Rf8 26. b4 Re8
27. b5+ Kd7 28. f3 a6 29. Bf2 Kc7 30. a4 Re6 31. a5 Be7 32. Rd5 Rd6 33. Rxc5+
Kb7 34. bxa6+ Rxa6 35. Rb5+ Kc7 36. Re5 Bd6 37. Bb6+ Kc6 38. Re6 Kd7 39. Re1
Bb4 40. Rd1+ Kc6 41. Rd5 Ra8 42. Rd8 Ra6 43. Rc8+ Kd6 44. c5+ Ke5 45. Rc6 Kf5
46. Rc7 Bxa5 47. Ra7 Rxa7 48. Bxa7 Ke6 49. Bb6 Bb4 50. c6 Kd6 51. c7 Kd7 52.
Ke2 Bd6 53. Kd3 Bxc7 54. Bxc7 Kxc7 55. Ke4 Kd6 56. Kxf4 h6 57. Ke4 Ke6 58. f4
h5 59. g3 Kf6 60. h3 Ke6 61. g4 Kf6 62. g5+ Ke6 63. h4 Kf7 64. Kd5 Ke7 65. Ke5
Kf7 66. Kd6 Kf8 67. Ke6 1-0

[Event "Litomysl 2007"]
[Site "?"]
[Date "2007.12.30"]
[Round "7.40"]
[White "Bartosova, Lucie"]
[Black "Gruber, Michael"]
[Result "1/2-1/2"]
[WhiteElo "1758"]
[BlackElo "2141"]
[PlyCount "46"]
[EventDate "2007.12.26"]

1. e4 c5 2. Nf3 d6 3. d4 cxd4 4. Nxd4 Nf6 5. Nc3 a6 6. Be2 e5 7. Nf3 h6 8. O-O
Be6 9. h3 Be7 10. Be3 O-O 11. Nh2 Nc6 12. Ng4 Rc8 13. Nxf6+ Bxf6 14. Rc1 Qa5
15. Qxd6 Rfd8 16. Qc5 Qxc5 17. Bxc5 Nd4 18. Bxd4 exd4 19. Nd5 Bxd5 20. exd5
Rxd5 21. Bd3 Ra5 22. a3 Rac5 23. f4 Kf8 1/2-1/2

[Event "Litomysl 2007"]
[Site "?"]
[Date "2007.12.30"]
[Round "7.41"]
[White "Borik, Juraj"]
[Black "Ruzicka   jun., Vaclav"]
[Result "1/2-1/2"]
[WhiteElo "2220"]
[BlackElo "1953"]
[PlyCount "41"]
[EventDate "2007.12.26"]

1. e4 d5 2. exd5 Qxd5 3. Nc3 Qa5 4. Nf3 c6 5. Bc4 Nf6 6. d4 Bf5 7. Bd2 Qc7 8.
Qe2 e6 9. O-O-O Nbd7 10. Nh4 Bg6 11. Rhe1 O-O-O 12. g3 Bd6 13. Nxg6 hxg6 14. h4
Nb6 15. Bb3 Rhe8 16. f4 Nbd5 17. Kb1 Qd7 18. Ne4 Nxe4 19. Qxe4 Bc7 20. Qd3 Ne7
21. Be3 1/2-1/2